000 00545nam a22001697a 4500
999 _c41110
_d41110
003 OSt
005 20210310151703.0
008 210310b ||||| |||| 00| 0 eng d
020 _a9780199450541
040 _coclc
082 _a330.954025
_bMOO/E
100 _93106
_a Moosvi, Shireen
245 _aThe Economy Of The Mughal Empire :
_bC 1595 A Statistical Study /
_cShireen Moosvi
260 _aNew Delhi:
_bOxford University Press,
_c2015.
300 _a476p
942 _2ddc
_cBK
_h330.954025
_iMOO/E
_k330.954025
_mMOO/E